[Event "Titled Tue 20th May Late"]
[Site "chess.com INT"]
[Date "2025.05.20"]
[Round "3"]
[White "Martinez Alcantara, Jose Eduardo"]
[Black "Lortkipanidze, Nodar"]
[Result "1/2-1/2"]
[WhiteTitle "GM"]
[BlackTitle "IM"]
[WhiteElo "2611"]
[BlackElo "2359"]
[WhiteFideId "3805662"]
[BlackFideId "13604058"]
[EventDate "2025.05.20"]

1. c4 e5 2. g3 Nc6 3. Bg2 g6 4. Nc3 Bg7 5. d3 Nf6 6. e3 O-O 7. Nge2 d6 8. O-O
Be6 9. Nd5 Qd7 10. Nec3 Nd8 11. Nxf6+ Bxf6 12. f4 Bg7 13. e4 exf4 14. Bxf4 Nc6
15. Qd2 Ne5 16. Kh1 a6 17. b3 c5 18. Rae1 b5 19. Bg5 b4 20. Nd1 Ng4 21. Bf4 Bd4
22. h3 Ne5 23. Kh2 a5 24. Be3 Bxe3 25. Nxe3 f6 26. d4 cxd4 27. Qxd4 Kg7 28. Rd1
Ra6 29. Rf2 a4 30. Nc2 axb3 31. axb3 Qb7 32. Rdf1 h5 33. Kh1 Qd7 34. Kh2 Qb7 35.
Ne1 Ra3 36. Qd1 Qb6 37. Nc2 Ra2 38. Nd4 Rxf2 39. Nxe6+ Kf7 40. Rxf2 Qxf2 41.
Nxf8 Kxf8 42. Qxd6+ Kg7 43. Qd1 Kh6 44. Qf1 Qxf1 45. Bxf1 Nd7 46. Bd3 Nc5 47.
Bc2 Kg5 48. Kg2 h4 49. Kf3 hxg3 50. Kxg3 Ne6 51. h4+ Kh6 52. Bd1 Nc5 53. Kf4 Kg7
54. Ke3 Ne6 55. Bg4 Nc5 56. Kd4 Nxb3+ 57. Kd5 Na5 58. c5 b3 59. Be2 b2 60. Bd3
Kh6 61. c6 Nxc6 62. Kxc6 Kh5 63. Kd6 Kxh4 64. Ke6 Kg5 65. Bb1 f5 66. exf5 gxf5
67. Bxf5 Kf4 68. Bb1 Ke3 69. Kd5 Kd2 70. Kc4 Kc1 71. Ba2 b1=Q 72. Bxb1 1/2-1/2

[Event "Titled Tue 20th May Late"]
[Site "chess.com INT"]
[Date "2025.05.20"]
[Round "3"]
[White "Erece, Ece Alkim"]
[Black "Grot, Blazej"]
[Result "0-1"]
[WhiteTitle "WCM"]
[BlackTitle "CM"]
[WhiteElo "1843"]
[BlackElo "2217"]
[WhiteFideId "6346006"]
[BlackFideId "21835845"]
[EventDate "2025.05.20"]

1. e4 c6 2. d4 d5 3. exd5 cxd5 4. Bd3 Nf6 5. Nf3 Nc6 6. O-O Bg4 7. c3 e6 8. Bf4
Bd6 9. Bxd6 Qxd6 10. Nbd2 O-O 11. h3 Bh5 12. Re1 Bg6 13. Qe2 Rab8 14. Bxg6 hxg6
15. Ne5 b5 16. a3 a5 17. b4 a4 18. Rad1 Rfc8 19. Qd3 Ne7 20. Rc1 Rc7 21. Qe2 Nf5
22. Nd3 Nd7 23. Nf3 Rbc8 24. Nc5 Nxc5 25. bxc5 Qd7 26. Rb1 Rb8 27. Ne5 Qe8 28.
Rb2 Rcb7 29. Reb1 Ne7 30. Re1 Nc8 31. Qg4 Na7 32. Rbe2 Re7 33. h4 Nc6 34. Nf3
Na5 35. g3 Nc4 36. Ra1 f6 37. Kg2 Rd8 38. Rh1 e5 39. h5 e4 40. Nh4 gxh5 41. Qf5
Qd7 42. Qxh5 e3 43. Ng6 Re4 44. Qh7+ Kf7 45. f3 Ree8 46. Nf4 Rg8 47. Qg6+ Kf8
48. Rh7 Qf7 49. Qg4 f5 50. Qg5 Qf6 51. Qh5 Ke7 52. Ng6+ Kd7 53. Ne5+ Nxe5 54.
dxe5 Qxe5 55. Qf7+ Qe7 56. Qxd5+ Kc7 57. Qxf5 Rd2 58. Qf4+ Kc6 59. Rxd2 exd2 60.
Qxd2 Rd8 61. Qg5 Qxg5 62. Rh4 Rd2+ 63. Kh3 Qf5+ 64. Rg4 Qxf3 65. Rg6+ Kxc5 0-1

[Event "Titled Tue 20th May Late"]
[Site "chess.com INT"]
[Date "2025.05.20"]
[Round "3"]
[White "Haug, Havard"]
[Black "Risteski, Emil"]
[Result "1-0"]
[WhiteTitle "FM"]
[BlackTitle "IM"]
[WhiteElo "2354"]
[BlackElo "2359"]
[WhiteFideId "1547887"]
[BlackFideId "15005267"]
[EventDate "2025.05.20"]

1. e4 d6 2. d4 Nf6 3. Nc3 e5 4. Nf3 Nbd7 5. Bc4 Be7 6. dxe5 dxe5 7. Bxf7+ Kxf7
8. Ng5+ Kg8 9. Ne6 Qe8 10. Nxc7 Qg6 11. Nxa8 Qxg2 12. Rf1 b6 13. Nc7 Bb7 14. Qe2
h6 15. Be3 Kh7 16. O-O-O Rc8 17. N7d5 Nxd5 18. Nxd5 Bf8 19. Nc3 Nf6 20. f3 Qh3
21. Kb1 Qe6 22. Nd5 Nd7 23. Rg1 Nc5 24. Qg2 Ba6 25. Rge1 Qc6 26. Nb4 Qb5 27.
Nxa6 Na4 28. c4 Rxc4 29. Rc1 Rb4 30. b3 Qxa6 31. Rc7 Nc5 32. Bxc5 bxc5 33. Rd1
Rb7 34. Rxb7 Qxb7 35. Qc2 Qf7 36. Qd3 Qf4 37. Rd2 h5 38. Kc2 Qf7 39. Rf2 Qf4 40.
Rg2 Qf7 41. Qe2 Qf4 42. Qf2 Qf7 43. Qg3 g6 44. Qxe5 Bg7 45. Qd5 Qf6 46. Rd2 Qc3+
47. Kd1 Qe3 48. Qd3 Qg1+ 49. Kc2 Qg5 50. Qe2 Qe5 51. Qc4 Qb2+ 52. Kd3 Qb1+ 53.
Ke2 Qh1 54. Qxc5 Qg2+ 55. Qf2 Qg5 56. Rc2 Qb5+ 57. Kd1 Qe5 58. Qc5 Qa1+ 59. Ke2
Qh1 60. Qc7 Qg2+ 61. Kd3 Qxf3+ 62. Kc4 Qxe4+ 63. Kb5 Qf5+ 64. Ka6 1-0

[Event "Titled Tue 20th May Late"]
[Site "chess.com INT"]
[Date "2025.05.20"]
[Round "3"]
[White "Myagmarsuren, Evsuld"]
[Black "Petrus, Adrian"]
[Result "0-1"]
[WhiteTitle "FM"]
[WhiteElo "2292"]
[BlackElo "2203"]
[WhiteFideId "1551639"]
[BlackFideId "14573652"]
[EventDate "2025.05.20"]

1. e4 e5 2. Nf3 Nc6 3. Bc4 Nf6 4. d3 Be7 5. O-O O-O 6. Re1 d6 7. a4 Na5 8. Ba2
c5 9. c3 Be6 10. Bg5 h6 11. Bxf6 Bxf6 12. Na3 a6 13. Nc2 g6 14. Ne3 Bg7 15. h3
b5 16. axb5 axb5 17. Bd5 Bxd5 18. Nxd5 Nc6 19. Qb3 b4 20. cxb4 Nxb4 21. Nxb4
cxb4 22. Qxb4 Rb8 23. Qc3 d5 24. exd5 Qxd5 25. Nxe5 Rfc8 26. Ra5 Qd6 27. Qa3
Qxa3 28. bxa3 Rb3 29. d4 Rcc3 30. Ra8+ Kh7 31. Nxf7 Rxa3 32. Rxa3 Rxa3 33. d5
Rd3 34. d6 Kg8 35. Re7 Bf8 36. Rd7 Rd5 37. g3 Rd1+ 38. Kg2 Rd5 39. h4 Rd2 40.
Ne5 g5 41. hxg5 hxg5 42. Nc4 Rd4 43. Ne3 Rxd6 44. Rxd6 Bxd6 45. Kf3 Kg7 46. Kg4
Kg6 47. Nd5 Bc5 48. f3 Bd6 49. Nc3 Be5 50. Ne4 Bc7 51. Nf2 Bb6 52. Nh3 Bc7 53.
Ng1 Bb6 54. Ne2 Bc7 55. Nc3 Be5 56. Ne4 Bb8 57. Kh3 Bc7 58. Kg2 Bd8 59. Kf2 Bc7
60. Ke3 Kf5 61. Kd4 Bb6+ 62. Kd5 Bc7 63. g4+ Kf4 0-1

[Event "Titled Tue 20th May Late"]
[Site "chess.com INT"]
[Date "2025.05.20"]
[Round "3"]
[White "Hiermann, Dietmar"]
[Black "Thorhallsson, Simon"]
[Result "1-0"]
[WhiteTitle "FM"]
[BlackTitle "FM"]
[WhiteElo "2216"]
[BlackElo "2218"]
[WhiteFideId "1602918"]
[BlackFideId "2310090"]
[EventDate "2025.05.20"]

1. e4 g6 2. d4 Bg7 3. Nf3 d6 4. Bc4 Nf6 5. Nc3 O-O 6. O-O Nxe4 7. Nxe4 d5 8. Bd3
dxe4 9. Bxe4 Nd7 10. c3 c5 11. Be3 cxd4 12. Bxd4 Nf6 13. Bc2 Be6 14. Re1 Bd5 15.
Qe2 e6 16. Rad1 Qc7 17. b3 Nd7 18. Bxg7 Kxg7 19. c4 Bc6 20. Be4 Rad8 21. h4 Bxe4
22. Qxe4 Nf6 23. Qe3 b6 24. Qc3 Rxd1 25. Rxd1 Rd8 26. Rxd8 Qxd8 27. Ng5 Qd1+ 28.
Kh2 Qg4 29. g3 h6 30. Nh3 Qe2 31. a4 e5 32. Kg2 Qe4+ 33. Qf3 Qxf3+ 34. Kxf3 Nd7
35. b4 f5 36. Ke3 Kf6 37. Kd3 g5 38. hxg5+ hxg5 39. Ng1 Nb8 40. Ne2 Nc6 41. Kc3
a5 42. bxa5 Nxa5 43. Kb4 e4 44. c5 Ke5 45. cxb6 Nc6+ 46. Kc5 Nb8 47. a5 f4 48.
gxf4+ gxf4 49. Kb5 f3 50. Ng3 Kf4 51. Nf1 Kg4 52. a6 Nxa6 53. Kxa6 Kh3 54. Nd2
e3 55. fxe3 f2 56. b7 Kg2 57. b8=Q Kg1 58. Qg8+ Kh2 59. Nf3+ Kh1 60. Qh7+ Kg2
61. Nd2 Kg1 62. Qg6+ Kh1 63. Qh5+ Kg1 64. Qg4+ Kh2 65. Nf1+ Kh1 66. Qf3+ Kg1 67.
Ng3 f1=Q+ 68. Qxf1+ Kh2 69. e4 Kxg3 70. e5 Kh2 71. e6 1-0

[Event "Titled Tue 20th May Late"]
[Site "chess.com INT"]
[Date "2025.05.20"]
[Round "3"]
[White "Manvelyan, Mikayel"]
[Black "Brozynski, Patryk"]
[Result "1-0"]
[WhiteTitle "FM"]
[WhiteElo "2362"]
[BlackElo "2219"]
[WhiteFideId "13310143"]
[BlackFideId "2512700"]
[EventDate "2025.05.20"]

1. e4 e6 2. d4 d5 3. Nd2 dxe4 4. Nxe4 Nf6 5. Nxf6+ Qxf6 6. Nf3 h6 7. Be2 Bd6 8.
O-O b6 9. c4 O-O 10. Be3 Bb7 11. Rc1 Nc6 12. c5 Bf4 13. Qd2 Bxe3 14. fxe3 Rad8
15. Qc3 Ne7 16. cxb6 Nd5 17. Qd2 cxb6 18. e4 Nf4 19. Qe3 Nxe2+ 20. Qxe2 Qf4 21.
Rfe1 Rc8 22. Rcd1 Rfd8 23. Rd2 Rc7 24. Qe3 Qxe3+ 25. Rxe3 Rcd7 26. Kf2 f6 27.
Re1 Kf7 28. Ke3 Rc8 29. Ree2 Rdc7 30. Rf2 Ke7 31. g4 Rc1 32. h4 Rh1 33. g5 hxg5
34. hxg5 Rh3 35. gxf6+ gxf6 36. Rc2 Rxc2 37. Rxc2 Kd7 38. Kf4 Rh8 39. Rg2 Rh7
40. Rg6 Ke7 41. Rg8 Kd6 42. Rd8+ Ke7 43. Rb8 Kd6 44. b4 a5 45. b5 Rg7 46. a4 Rh7
47. Rf8 Ke7 48. Rg8 Rf7 49. Nh4 e5+ 50. dxe5 fxe5+ 51. Kxe5 Rh7 52. Nf5+ Kd7 53.
Rg6 Kc7 54. Nd6 Re7+ 55. Kd4 Rd7 56. e5 Rd8 57. Ke3 Rd7 58. Nc4 Re7 59. Kd4 Rd7+
60. Kc3 Re7 61. Rf6 Bd5 62. Nxb6 Rxe5 63. Nxd5+ Rxd5 64. Ra6 1-0

[Event "Titled Tue 20th May Late"]
[Site "chess.com INT"]
[Date "2025.05.20"]
[Round "3"]
[White "Smirnov, Alexandr A."]
[Black "Lewicki, Miroslaw"]
[Result "0-1"]
[WhiteTitle "FM"]
[BlackTitle "IM"]
[WhiteElo "2136"]
[BlackElo "2317"]
[WhiteFideId "24104396"]
[BlackFideId "1113380"]
[EventDate "2025.05.20"]

1. e4 c5 2. Nf3 d6 3. Bc4 Nf6 4. e5 dxe5 5. Nxe5 e6 6. Qe2 Bd6 7. f4 O-O 8. b3
Nbd7 9. Bb2 Nb6 10. Bd3 Nbd5 11. O-O Nb4 12. Nc3 b6 13. Ne4 Nxd3 14. Nxf6+ Qxf6
15. Qxd3 Qe7 16. Qg3 f6 17. Nc4 Bc7 18. Rae1 Bb7 19. a4 Rae8 20. Rf2 Qd7 21. d3
a6 22. h4 b5 23. axb5 axb5 24. Ne3 Bb6 25. Kh2 c4 26. bxc4 bxc4 27. dxc4 Qc6 28.
h5 Qc5 29. h6 Qh5+ 30. Qh3 Qxh3+ 31. Kxh3 gxh6 32. Rd2 Rf7 33. Ng4 Ba5 34. c3
Kg7 35. Ra1 Bb6 36. Ba3 h5 37. Nh2 Be3 38. Rb2 Bxf4 39. Nf3 Be4 40. c5 Bf5+ 41.
Kh4 Kg6 42. c6 e5 43. Rb7 e4 44. Nd4 Bg4 45. Rxf7 Kxf7 46. Bc1 e3 47. Ra7+ Kg6
48. c7 Bg5+ 49. Kg3 e2 50. Nxe2 Bxe2 51. Ba3 Bg4 52. Bd6 f5 53. Rb7 f4+ 54. Kf2
Rc8 55. Rb6 Kf5 56. Rb5+ Kg6 57. Rb6 Bf6 58. Be5 Kf5 59. Bxf6 Rxc7 60. Bd4 Rd7
61. Rf6+ Ke4 62. Rh6 Rb7 63. Rf6 Rb2+ 64. Ke1 Rxg2 65. Rf8 h4 66. Re8+ Kf3 67.
Re7 h3 68. Rxh7 h2 69. Kf1 Kg3 70. Be5 Rg1# 0-1

[Event "Titled Tue 20th May Late"]
[Site "chess.com INT"]
[Date "2025.05.20"]
[Round "3"]
[White "Bhatia, Kanishka"]
[Black "Ersoz, Teoman Guney"]
[Result "0-1"]
[WhiteTitle "WCM"]
[BlackTitle "CM"]
[WhiteElo "1979"]
[BlackElo "2090"]
[WhiteFideId "2410095"]
[BlackFideId "44537050"]
[EventDate "2025.05.20"]

1. d4 Nf6 2. Nf3 e6 3. Bf4 b6 4. e3 Bb7 5. Bd3 d6 6. c3 Nbd7 7. Nbd2 g6 8. e4
Bg7 9. e5 Nh5 10. Bg5 f6 11. exf6 Bxf6 12. Bxf6 Qxf6 13. Ne4 Qe7 14. Qd2 O-O 15.
O-O-O Nf4 16. Bc2 Nxg2 17. Nfg5 h6 18. Rdg1 Nf4 19. Nf3 e5 20. dxe5 Nxe5 21.
Nxe5 Qxe5 22. f3 d5 23. Ng3 Rae8 24. Re1 Qf6 25. Rxe8 Rxe8 26. Re1 Rxe1+ 27.
Qxe1 Kf7 28. Qd2 Qe5 29. a4 h5 30. Kb1 h4 31. Nf1 g5 32. Ne3 c5 33. Ng4 Qe2 34.
Qc1 Ba6 35. Ka1 Bd3 36. Bxd3 Nxd3 37. Qb1 Qe1 38. Ne5+ Qxe5 39. Qxd3 Kg7 40. Ka2
c4 41. Qd2 Kf6 42. a5 bxa5 43. Qf2 h3 44. Qxa7 Qxh2 45. Qa6+ Ke5 46. Qxa5 Qg2
47. Qc7+ Kf6 48. Qd6+ Kg7 49. Qe7+ Kh6 50. Qf6+ Kh5 51. Qh8+ Kg6 52. Qe8+ Kf5
53. Qf7+ Ke5 54. Qg7+ Kf4 55. Qf6+ Ke3 56. Qe5+ Kxf3 57. Qxd5+ Kf2 58. Qd4+ Kg3
59. Qe5+ Kh4 60. Qh8+ Kg4 61. Qc8+ Kf4 62. Qf8+ Ke3 63. Qe7+ Kf2 64. Qf6+ Kg1
65. Qd4+ Qf2 66. Qg4+ Kf1 67. Qxh3+ Qg2 68. Qf5+ Kg1 69. Qc5+ Kh2 70. Qd6+ Kh3
71. Qh6+ Kg4 72. Qe6+ Kf4 73. Qxc4+ Qe4 74. Qf7+ Kg3 75. Qc7+ Qf4 76. Qxf4+ gxf4
77. b4 f3 78. b5 f2 79. b6 f1=Q 80. b7 Qa6+ 81. Kb2 Qxb7+ 0-1

[Event "Titled Tue 20th May Late"]
[Site "chess.com INT"]
[Date "2025.05.20"]
[Round "3"]
[White "Schnaider, Ilan"]
[Black "Platzgummer, Fabian"]
[Result "0-1"]
[WhiteTitle "IM"]
[BlackTitle "IM"]
[WhiteElo "2388"]
[BlackElo "2295"]
[WhiteFideId "169013"]
[BlackFideId "1617222"]
[EventDate "2025.05.20"]

1. b3 Nf6 2. Bb2 g6 3. Bxf6 exf6 4. e3 Bg7 5. d4 O-O 6. Nf3 d5 7. Be2 Bg4 8. O-O
c6 9. c4 Nd7 10. cxd5 cxd5 11. Nc3 Be6 12. Ne1 Rc8 13. Rc1 Qa5 14. Qd2 f5 15.
Bf3 Rc7 16. Nd3 Rfc8 17. b4 Qb6 18. Nxd5 Bxd5 19. Bxd5 Nf6 20. Bf3 g5 21. Rxc7
Rxc7 22. Rc1 g4 23. Be2 Ne4 24. Qb2 Bf8 25. f3 Nf6 26. fxg4 fxg4 27. Rf1 Nd5 28.
Rf5 Nxe3 29. Rg5+ Bg7 30. Nc5 h6 31. Rh5 Qg6 32. Rh4 Qg5 33. g3 Nf5 34. Rxg4
Qxg4 35. Bxg4 Bxd4+ 36. Qxd4 Nxd4 37. Nd3 Rc2 38. a4 Rd2 39. Nf4 Nc2 40. b5 Ne3
41. Bf3 Ra2 42. Bxb7 Rxa4 43. Bc6 Ra2 44. h4 Nf5 45. Nh5 Nd4 46. Bd7 Rb2 47.
Nf6+ Kg7 48. Ne8+ Kf8 49. Nc7 Ke7 50. Bg4 Nxb5 51. Nd5+ Kd6 52. Ne3 Ke7 53. Nf5+
Kf8 54. Nxh6 Nd4 55. Bd7 a5 56. Ng4 Rb4 57. Ne5 a4 58. Nd3 Rb1+ 59. Kh2 a3 60.
Ne5 a2 61. h5 a1=Q 62. Bc6 Qb2+ 63. Bg2 Re1 64. Nf3 Nxf3+ 65. Kh3 Ng5+ 66. Kg4
Qxg2 67. h6 Re4+ 68. Kf5 Qf3+ 69. Kxg5 Qxg3+ 70. Kf5 Qe5# 0-1

[Event "Titled Tue 20th May Late"]
[Site "chess.com INT"]
[Date "2025.05.20"]
[Round "3"]
[White "Pavlov, Nikolay"]
[Black "Fernandez, Michael"]
[Result "1-0"]
[WhiteTitle "FM"]
[BlackTitle "FM"]
[WhiteElo "2316"]
[BlackElo "2226"]
[WhiteFideId "24141470"]
[BlackFideId "5803560"]
[EventDate "2025.05.20"]

1. e4 c5 2. Nf3 d6 3. d4 cxd4 4. Nxd4 Nf6 5. Nc3 g6 6. Be3 a6 7. f3 b5 8. a4 e5
9. Nb3 bxa4 10. Nxa4 Nbd7 11. Qd2 Qc7 12. Be2 h5 13. O-O Be7 14. Na5 Rb8 15. b4
d5 16. Rab1 dxe4 17. c4 Rxb4 18. Rxb4 Qxa5 19. Rb8 Qc7 20. Rbb1 Nc5 21. Nc3 O-O
22. Nd5 Nxd5 23. cxd5 exf3 24. Bxf3 e4 25. Be2 Bd6 26. Bf4 Bf5 27. Rbc1 Qb6 28.
Qe3 Bxf4 29. Rxf4 Nd7 30. Qxb6 Nxb6 31. d6 Rd8 32. Rd1 Nc8 33. d7 Nb6 34. Bxh5
Rxd7 35. Rxd7 Nxd7 36. Be2 Nc5 37. Kf2 Kf8 38. Ke3 Ke7 39. Rf1 Kd6 40. Kd4 Ne6+
41. Kc3 Nc5 42. Ra1 Ke5 43. Ra5 Kd6 44. Bxa6 Ne6 45. Bc4 Ng7 46. Ra6+ Ke7 47.
Ra7+ Kd6 48. Rxf7 Nh5 49. Rf8 Nf4 50. g3 Nd3 51. Bxd3 exd3 52. Rd8+ Ke5 53. Kd2
Kf6 54. Rd4 Kg5 55. Ke3 Kh5 56. h4 d2 57. Kxd2 Kh6 58. Ke3 Kg7 59. Kf4 Be6 60.
Rd6 Bf7 61. Rb6 Bg8 62. Kg5 Bf7 63. Rd6 Kh7 64. Rf6 Kg7 65. g4 Be8 66. Re6 Bf7
67. Re7 Kg8 68. Kf6 g5 69. Rxf7 gxh4 70. Rd7 h3 71. g5 h2 72. g6 h1=Q 73. Rd8# 1-0

[Event "Titled Tue 20th May Late"]
[Site "chess.com INT"]
[Date "2025.05.20"]
[Round "3"]
[White "Stamatiou, Rodolfos"]
[Black "Nakara Husain"]
[Result "1/2-1/2"]
[WhiteTitle "FM"]
[WhiteElo "2269"]
[BlackElo "1701"]
[WhiteFideId "25826530"]
[BlackFideId "25636111"]
[EventDate "2025.05.20"]

1. e4 e5 2. Nf3 Nc6 3. Nc3 Nf6 4. Bb5 Bc5 5. d3 d6 6. Be3 Bb6 7. Nd5 Bxe3 8.
fxe3 Bd7 9. O-O Nxd5 10. exd5 Ne7 11. Bxd7+ Qxd7 12. e4 f6 13. Nh4 O-O-O 14. c4
Rdf8 15. Qe2 f5 16. exf5 Nxf5 17. Nxf5 Rxf5 18. Rxf5 Qxf5 19. Rf1 Qd7 20. Qf2
Rd8 21. Qh4 h6 22. Qh5 Qe8 23. Qxe8 Rxe8 24. Rf7 g5 25. Rf1 Kd7 26. Rf7+ Re7 27.
Rf6 e4 28. d4 e3 29. Kf1 Re4 30. Rxh6 Rxd4 31. Rh7+ Kd8 32. Ke2 Rd2+ 33. Kxe3
Rxg2 34. Ke4 Rxb2 35. Kf5 b6 36. Kxg5 Rxa2 37. Kf5 Rf2+ 38. Ke6 Re2+ 39. Kf5 a5
40. h4 Kc8 41. h5 Kb7 42. Rg7 a4 43. Rg3 Rh2 44. Kg6 b5 45. cxb5 Kb6 46. Rc3
Kxb5 47. Rxc7 Kb6 48. Rc6+ Kb5 49. Rxd6 a3 50. Rd8 a2 51. Ra8 Rg2+ 52. Kf7 Rf2+
53. Ke6 Re2+ 54. Kd7 Rh2 55. d6 Kb6 56. h6 Kb7 57. Ra3 Rxh6 58. Rxa2 Rh7+ 59.
Ke6 Rh6+ 60. Ke5 Rh5+ 61. Kf6 Rh6+ 62. Ke7 Rh7+ 63. Ke6 Rh6+ 64. Kd5 Rh5+ 65.
Kc4 Kc6 66. Ra6+ Kd7 67. Rb6 Rh4+ 68. Kc5 Rh5+ 69. Kd4 Rh4+ 70. Ke5 Rh5+ 71. Kf4
Rd5 72. Rb7+ Kxd6 73. Rb6+ Kc5 74. Rf6 Rd4+ 75. Ke5 Rd5+ 76. Ke4 Rd1 77. Rf5+
Kc4 78. Re5 Re1+ 79. Kf5 Rxe5+ 80. Kxe5 1/2-1/2

[Event "Titled Tue 20th May Late"]
[Site "chess.com INT"]
[Date "2025.05.20"]
[Round "3"]
[White "Alazmi, Amani"]
[Black "Zavortink, Matt"]
[Result "0-1"]
[WhiteTitle "WCM"]
[WhiteElo "1725"]
[BlackElo "2135"]
[WhiteFideId "10303553"]
[BlackFideId "2034263"]
[EventDate "2025.05.20"]

1. c4 Nf6 2. Nc3 g6 3. d4 Bg7 4. e4 d6 5. Nf3 O-O 6. h3 e5 7. Be3 exd4 8. Bxd4
Re8 9. Bd3 Nc6 10. Be3 Nd7 11. O-O Nc5 12. Bc2 Ne6 13. Nd5 Ne5 14. Nxe5 dxe5 15.
Qf3 c6 16. Nc3 Nd4 17. Qd1 Be6 18. b3 Qa5 19. Bd2 Qc7 20. Be3 Rad8 21. Qc1 Qa5
22. Bd1 Bc8 23. Bd2 Qc7 24. Bg5 f6 25. Be3 Bf8 26. a3 a5 27. Na4 Be6 28. Bh6
Bxh6 29. Qxh6 Qg7 30. Qc1 Qe7 31. Nc3 Qc5 32. Rb1 Ra8 33. Qh6 Qe7 34. Qc1 Red8
35. Ne2 Kg7 36. Ng3 Qc5 37. Kh2 Qe7 38. f4 exf4 39. Qxf4 Rf8 40. Qh4 Rad8 41.
Bg4 Bxg4 42. Qxg4 c5 43. Rbd1 Kh8 44. Qh4 Nc6 45. Rxd8 Nxd8 46. Rf2 Qf7 47. Qf4
Ne6 48. Qd6 Qc7 49. Qxc7 Nxc7 50. e5 Kg7 51. exf6+ Rxf6 52. Re2 Re6 53. Rf2 Re7
54. Rd2 Ne6 55. Ne4 b6 56. Nd6 Nd4 57. Rf2 Rd7 58. Nb5 Nxb5 59. cxb5 Rd3 60. Rb2
Kf6 61. a4 Ke5 62. g4 Kd5 63. Rb1 Kd4 64. Rb2 Kc3 65. Rb1 Kb4 66. Rf1 Kxb3 67.
Rf4 c4 68. Rf6 c3 69. Rxb6 c2 70. Rc6 Rc3 71. Re6 c1=Q 72. Re2 Rc2 73. Rg2 Rxg2+
74. Kxg2 Kxa4 75. Kg3 Qc3+ 76. Kh4 Qf6+ 77. Kg3 Qb6 78. Kh4 Kxb5 79. Kg5 Qc7 80.
Kh6 a4 81. h4 a3 82. g5 a2 83. h5 gxh5 84. g6 hxg6 85. Kg5 a1=Q 86. Kh4 Qf6+ 87.
Kh3 Qcc3+ 88. Kg2 Qcf3+ 89. Kg1 Qg5+ 90. Kh2 Qfg2# 0-1

[Event "Titled Tue 20th May Late"]
[Site "chess.com INT"]
[Date "2025.05.20"]
[Round "3"]
[White "Sarana, Alexey"]
[Black "Obregon Rivero, Juan Carlos"]
[Result "0-1"]
[WhiteTitle "GM"]
[BlackTitle "GM"]
[WhiteElo "2686"]
[BlackElo "2476"]
[WhiteFideId "24133795"]
[BlackFideId "3507815"]
[EventDate "2025.05.20"]

1. d4 Nf6 2. c4 g6 3. Nc3 Bg7 4. e4 O-O 5. Be2 d6 6. Be3 Nc6 7. d5 Ne5 8. f4
Neg4 9. Bd2 Nh6 10. Nf3 c6 11. O-O b5 12. dxc6 b4 13. Nd5 Nxe4 14. Be1 e6 15.
Nxb4 Qb6+ 16. Kh1 Ng4 17. Nd3 Ne3 18. Qa4 Nxf1 19. Bxf1 a5 20. Rb1 Ra6 21. Nc1
Qxc6 22. Qxc6 Rxc6 23. Bxa5 Ba6 24. b3 d5 25. cxd5 exd5 26. Ne2 Bxe2 27. Bxe2
Rc2 28. Bb5 Rxa2 29. Bb4 Nc3 30. Bxc3 Bxc3 31. Bc6 d4 32. Bb5 Rfa8 33. Kg1 Ra1
34. Rxa1 Rxa1+ 35. Kf2 Kf8 36. Bc4 f6 37. g4 Ke7 38. g5 Ra2+ 39. Kf1 fxg5 40.
fxg5 Kd6 41. h4 Kc5 42. Ne5 Rh2 43. Nf3 Rb2 44. Ne5 Rb1+ 45. Kg2 Kb4 46. Nd3+
Ka3 47. Bg8 Rd1 48. Nf2 Rd2 49. Bxh7 d3 50. Bxg6 Bd4 51. Bxd3 Bxf2 52. Kf3 Bxh4
53. Bc4 Bxg5 54. Ke4 Be7 55. Ke5 Bb4 56. Ke4 Kb2 57. Bg8 Kc3 58. Ke3 Bc5+ 59.
Ke4 Bd4 60. Bc4 Rd1 61. Kd5 Re1 62. Kd6 Re5 63. Bd5 Rg5 64. Bc4 Be5+ 65. Kd5
Bg3+ 66. Ke4 Kb4 67. Kd4 Be5+ 68. Kd5 Bc3+ 69. Kd6 Ka5 70. Kc6 Be5 71. Kd5 Bg3+
72. Kc6 Kb4 73. Kd7 Rg6 74. Bf7 Rd6+ 75. Ke7 Kc5 76. Be6 Kd4 77. Kf6 Bh4+ 78.
Kf5 Rb6 79. Bc4 Rc6 80. Kg4 Bd8 81. Kf5 Rf6+ 82. Kg5 Ke5 83. Kg4 Rf4+ 84. Kg3
Bh4+ 85. Kg2 Kd4 86. Kh3 Ke3 87. Kg2 Be1 88. Bd5 Rg4+ 89. Kh3 Rg5 90. Bc6 Kf4
91. Bd7 Bg3 92. Be6 Rh5+ 93. Kg2 Rh2+ 94. Kg1 Ke3 95. Bd5 Bd6 96. Bc4 Kf3 97.
Bd5+ Kg3 98. Kf1 Bb4 99. Bc4 Rf2+ 100. Kg1 Bc5 101. Kh1 Rg2 102. Bf1 Rg1# 0-1

[Event "Titled Tue 20th May Late"]
[Site "chess.com INT"]
[Date "2025.05.20"]
[Round "3"]
[White "Avramidou, Anastasia"]
[Black "Drygalov, Andrey"]
[Result "1/2-1/2"]
[WhiteTitle "FM"]
[BlackTitle "GM"]
[WhiteElo "2294"]
[BlackElo "2431"]
[WhiteFideId "4239873"]
[BlackFideId "24171735"]
[EventDate "2025.05.20"]

1. Nf3 d5 2. d4 Nf6 3. c4 e6 4. Nc3 c6 5. e3 Nbd7 6. Be2 Bd6 7. O-O O-O 8. b3
Ne4 9. Bb2 f5 10. Nxe4 fxe4 11. Ne5 Qg5 12. Nxd7 Bxd7 13. Qd2 Rf6 14. f4 exf3
15. Rxf3 Rxf3 16. Bxf3 Be8 17. Rf1 Bh5 18. Bc3 Rf8 19. Qe2 Qh4 20. g4 Bxg4 21.
Bxg4 Bxh2+ 22. Kg2 Qg3+ 23. Kh1 Rxf1+ 24. Qxf1 Qxg4 25. Kxh2 Qh5+ 26. Kg2 Qg5+
27. Kf2 Qf5+ 28. Ke2 Qc2+ 29. Bd2 Qxa2 30. Qh3 Qxb3 31. Qxe6+ Kf8 32. Qf5+ Ke7
33. Qe5+ Kf7 34. Qf5+ Ke7 35. c5 Qc4+ 36. Ke1 Qb3 37. Qg5+ Kf7 38. Qf5+ Ke7 39.
Qg5+ Kf7 40. Qh5+ Kf6 41. Qxh7 a5 42. Qh4+ Kf7 43. Qh5+ Kf6 44. Qf3+ Ke7 45. Qg3
Qb1+ 46. Ke2 Kf7 47. Qf4+ Kg8 48. Qb8+ Kh7 49. Qh2+ Kg8 50. Qb8+ Kf7 51. Qa7
Qb5+ 52. Kf2 a4 53. Qb8 Qb2 54. Qf4+ Kg8 55. Ke2 a3 56. Qb8+ Kh7 57. Qh2+ Kg6
58. Qg3+ Kf7 59. Qf4+ Ke7 60. Qe5+ Kd8 61. Qd6+ Kc8 62. Qf8+ Kc7 63. Qxg7+ Kb8
64. Qf8+ Ka7 65. Qd8 Qb5+ 66. Kf2 a2 67. Bc3 Qb3 68. Qb6+ Qxb6 69. cxb6+ Kxb6
70. Ke2 Kb5 71. Kd3 b6 72. Kc2 Kc4 73. Kb2 Kd3 74. Bb4 Kxe3 75. Kxa2 Kxd4 76.
Bd6 c5 77. Kb2 Kc4 78. Bf8 b5 79. Bg7 d4 80. Kc2 b4 81. Bf8 b3+ 82. Kb2 Kb4 83.
Be7 Kc4 84. Bf8 Kb4 85. Be7 d3 86. Bg5 Kc4 87. Bd2 Kd4 88. Kxb3 Ke4 89. Kc3 c4
90. Kxc4 Ke5 91. Kxd3 1/2-1/2

[Event "Titled Tue 20th May Late"]
[Site "chess.com INT"]
[Date "2025.05.20"]
[Round "3"]
[White "Kilic, Eray"]
[Black "Yilmaz, Baver"]
[Result "1/2-1/2"]
[WhiteTitle "IM"]
[BlackTitle "FM"]
[WhiteElo "2469"]
[BlackElo "2233"]
[WhiteFideId "44517173"]
[BlackFideId "26363542"]
[EventDate "2025.05.20"]

1. e4 e5 2. Nf3 Nc6 3. Nc3 Nf6 4. a4 Bc5 5. Bb5 d6 6. O-O a6 7. Bxc6+ bxc6 8. d4
exd4 9. Nxd4 Bd7 10. Bg5 O-O 11. Nb3 Bb6 12. a5 Ba7 13. h3 Re8 14. Qf3 h6 15.
Bh4 Qe7 16. Rfe1 Qe6 17. Rad1 Nh7 18. Qd3 Ng5 19. Kh1 Qg6 20. f4 Qh5 21. Qg3 Nh7
22. f5 f6 23. Nd4 Re7 24. Nde2 Qf7 25. Nf4 Nf8 26. Qg4 Kh8 27. Nce2 Rae8 28. Ng3
d5 29. e5 Rxe5 30. Rf1 Be3 31. Nfh5 Bg5 32. Bxg5 fxg5 33. Qf3 Nh7 34. Qd3 Nf6
35. Nxf6 gxf6 36. Qxa6 h5 37. Rf2 h4 38. Nf1 Bxf5 39. Qxc6 R8e6 40. Qc5 Be4 41.
Qd4 Qh5 42. Rdd2 g4 43. hxg4 Qxg4 44. Kg1 h3 45. Qe3 Rg5 46. Nh2 Qg3 47. Qxg3
Rxg3 48. b4 hxg2 49. Rde2 Ra6 50. Rf4 c5 51. c3 cxb4 52. cxb4 Rc6 53. Re1 Rb3
54. Ng4 Rxb4 55. Nxf6 Ra4 56. Nxe4 dxe4 57. Kxg2 Rxa5 58. Rg4 Rh5 59. Rexe4 Rc7
60. Re8+ Kh7 61. Reg8 Rh6 62. Kf3 Rf7+ 63. Kg3 Re6 64. R8g5 Rh6 65. Re4 Rg6 66.
Rh4+ Kg7 67. Rhg4 Rf6 68. Kh4 Rxg5 69. Rxg5+ Rg6 70. Ra5 Kh6 71. Ra8 Rf6 72.
Rh8+ Kg6 73. Ra8 Rf4+ 74. Kg3 Rd4 75. Kf3 Kf5 76. Ke3 Rh4 77. Rf8+ Ke5 78. Re8+
Kd5 79. Kf3 Ra4 80. Rg8 Ke5 81. Rg5+ Kf6 82. Rb5 Ra3+ 83. Ke4 Ra4+ 84. Kd5 Kf5
85. Rc5 Ra1 86. Rc2 Rd1+ 87. Kc4 Ke4 88. Re2+ Kf3 89. Re8 Rd2 90. Kc3 Re2 91.
Rf8+ Ke3 92. Rf7 Re1 93. Re7+ Kf2 94. Rg7 Re8 95. Rd7 Rc8+ 96. Kd2 Kf3 97. Kd3
Kf4 98. Kd4 Kf5 99. Kd5 Kf4 100. Rf7+ Ke3 101. Re7+ Kd3 102. Rh7 Rd8+ 103. Kc6
Rc8+ 104. Kd7 Ra8 105. Rh3+ Kd4 106. Rh4+ Ke5 107. Kc7 Kd5 108. Kb7 Rg8 109.
Rh5+ Kc4 110. Rh1 Kb5 111. Rb1+ Kc5 112. Kc7 Rg7+ 113. Kd8 Kd6 114. Rd1+ Ke6
115. Kc8 Rh7 116. Re1+ Kd6 117. Rd1+ Kc6 118. Rc1+ Kb6 119. Rb1+ 1/2-1/2